000 00734nam a2200217 i 4500
001 69587
003 ES-MaACL
005 20251118191624.0
007 t|
008 040707s1950 sp ||||1| spa d
100 1 _aGarcía Escudero, José María.
_954570
245 1 0 _aPolítica española y política de Balmes /
_cJosé María García Escudero.
260 _aMadrid :
_bCultura Hispánica,
_c1950 (
_fSilverio Aguirre)
300 _a184 p. ;
_c21 cm.
490 1 _aHombres e ideas
586 _aPremio Nacional de Periodismo "Francisco Franco", 1948
600 1 4 _aBalmes, Jaime,
_d1810-1848-
_xCrítica e interpretación
_925097
830 1 _aHombres e ideas
_9181511
852 _aES-MaACL
_jD-8122
999 _c69587
_d69587